000 01025nam a2200217Ii 4500
003 JO-AjNU
008 230605s9999||||xx |||||||||||||| ||und||
020 _a978-1-56564-609-4
040 _aJO-AjNU
_bara
_erda
_cJO-AjNU
041 _aara
050 1 4 _aKBP440.32.A88.2014
100 3 _aعوام، محمد عبد السلام,
_eauthor
_952287
245 0 0 _aالفكر المنهجي العلمي عند الاصوليين : دراسة تحليلية لنظريتي الدليل والترتيب والموازنة
250 _aط1
264 3 1 _aبيروت : المعهد العالمي للفكر الإسلامي، 2014
300 _a464ص
_bيشتمل على مراجع ببلوغرافية ص( 431-453) ويشتمل على الكشاف ص(454-464)
336 _atext
_btxt
_2rdacontent
337 _aunmediated
_bn
_2rdamedia
338 _avolume
_bnc
_2rdacarrier
650 4 _aمناهج الأصوليين -- أصول الفقه -- نظرية الدليل -- نظرية الترتيب والموازنة
_952288
999 _aA23153
_c26721
_d26721